Países europeos por pistas - Estadísticas

Estadísticas generales
  • Esta prueba ha sido intentada 157 veces
  • La puntuación promedio es 22 de 28
Estadísticas de respuestas
Pistas País % Correcto
Napoleón, champán, torre Eiffel Francia
100%
país más pequeño, el Papa Vaticano
99%
Creta, Juegos Olímpicos, Partenón Grecia
97%
Mafia, pizza, Renacimiento Italia
95%
la Reina, fútbol, té Reino Unido
95%
kielbasa, Auschwitz, Chopin Polonia
93%
cerveza, Selva Negra, Beethoven Alemania
91%
Cava, Costa del Sol, tapas España
90%
el Kremlin, Guerra Fría, Chaikovski Rusia
90%
marihuana, canales, Ana Frank Países Bajos
85%
catalán, Pirineos, coprincipado Andorra
84%
Mozart, La novicia rebelde/Sonrisas y lágrimas Austria
84%
Ikea, albóndigas, Volvo Suecia
84%
príncipe Alberto II, casino, Fórmula 1 Mónaco
80%
fiordos, premios Nobel, Ibsen Noruega
79%
pisanka, Chernóbil, bórsch Ucrania
79%
chocolate, papas fritas, capital de la UE Bélgica
78%
Alpes, Yugoslavia, Liubliana Eslovenia
73%
Gran Colisionador de Hadrones, relojes, Cervino Suiza
73%
bandera con doble águila, mayoría musulmana Albania
71%
Algarve, Islas Azores, Valle del Duero Portugal
70%
sauna, Guerra de Invierno, Laponia Finlandia
69%
Borgen, ciclismo, Lego Dinamarca
66%
isla, Orden de los Caballeros Hospitalarios, Falcon Malta
66%
gulash, revolución de 1956, lago Balatón Hungría
62%
Bohemia, Puente Carlos, Skoda República Checa
61%
Limerick, piedra de la elocuencia, Isla Esmeralda Irlanda
53%
Skype, voto en línea, kiiking Estonia
42%
No se encontraron pruebas coincidentes
Distribución de puntuación
Porcentaje de gente con cada puntuación
Porcentaje por número respondido
Historial de tus puntuaciones
No has intentado esta prueba.